[Event "AUS-ch U18"]
[Site "Gold Coast"]
[Date "2020.01.23"]
[Round "6"]
[White "Fikh, Anthony"]
[Black "Odenthal, Aidan"]
[Result "1-0"]
[WhiteElo "1860"]
[BlackElo "1765"]
[PlyCount "61"]
[EventDate "2020.01.18"]
[EventType "swiss"]
[EventRounds "9"]
[EventCountry "AUS"]
[SourceTitle "EXT 2021"]
[Source "ChessBase"]
[SourceDate "2020.10.23"]
[SourceVersion "1"]
[SourceVersionDate "2020.10.23"]
[SourceQuality "1"]

1. Nf3 Nf6 2. c4 e6 3. e3 d5 4. b3 Bd6 5. Bb2 c5 6. Nc3 Nc6 7. cxd5 exd5 8. d4 0-0 9. Be2 Bf5 10. 0-0 a6 11. Rc1 cxd4 12. Nxd4 Nxd4 13. Qxd4 Rc8 14. Rfd1 Be6 15. Bf3 Bc5 16. Qd3 Qa5 17. Na4 Be7 18. Bd4 Ba3 19. Rxc8 Rxc8 20. Nb6 Rc6 21. Bxf6 Qxb6 22. Be5 Qc5 23. h3 f6 24. Bf4 Kf8 25. Qxh7 Bg8 26. Qh8 Qc2 27. Rxd5 Be7 28. Rd4 Qb1+ 29. Kh2 Rc1 30. Be4 Rh1+ 31. Kg3 1-0

[Event "AUS-ch Major"]
[Site "Cammeray"]
[Date "2018.01.08"]
[Round "7"]
[White "Bracks, Sebastian"]
[Black "Odenthal, Aidan"]
[Result "0-1"]
[WhiteElo "1311"]
[BlackElo "1853"]
[PlyCount "60"]
[EventDate "2018.01.02"]
[EventType "swiss"]
[EventRounds "11"]
[EventCountry "AUS"]
[SourceTitle "CBM 182 Extra"]
[Source "ChessBase"]
[SourceDate "2018.02.23"]
[SourceVersion "1"]
[SourceVersionDate "2018.02.23"]
[SourceQuality "1"]

1. e4 d6 2. d4 Nf6 3. Nc3 g6 4. Nf3 Bg7 5. Be2 0-0 6. Be3 Ng4 7. Bd2 e5 8. d5 f5 9. Bd3 Na6 10. Bxa6 bxa6 11. 0-0 f4 12. h3 Nh6 13. Nb1 g5 14. Nh2 Qe8 15. Na3 Qg6 16. f3 Nf7 17. Nc4 Bd7 18. Na5 h5 19. Qe2 Nh6 20. Nc6 Rf7 21. Rae1 g4 22. fxg4 hxg4 23. hxg4 Nxg4 24. Nxg4 Bxg4 25. Qf2 Bf6 26. Bxf4 exf4 27. Qxf4 Bd4+ 28. Nxd4 Rxf4 29. Rxf4 Rf8 30. Nc6 Qg5 0-1

[Event "AUS-ch Major"]
[Site "Cammeray"]
[Date "2018.01.05"]
[Round "5"]
[White "Daffy, Joseph"]
[Black "Odenthal, Aidan"]
[Result "1-0"]
[WhiteElo "1626"]
[BlackElo "1853"]
[PlyCount "133"]
[EventDate "2018.01.02"]
[EventType "swiss"]
[EventRounds "11"]
[EventCountry "AUS"]
[SourceTitle "CBM 182 Extra"]
[Source "ChessBase"]
[SourceDate "2018.02.23"]
[SourceVersion "1"]
[SourceVersionDate "2018.02.23"]
[SourceQuality "1"]

1. e4 d6 2. d4 Nf6 3. Nc3 g6 4. Bc4 Bg7 5. Be3 0-0 6. f3 Nc6 7. Qd2 e5 8. Nge2 exd4 9. Nxd4 Ne5 10. Bb3 Re8 11. 0-0-0 a6 12. Nde2 Bd7 13. Nf4 b5 14. Nfd5 Nxd5 15. Bxd5 b4 16. Ne2 c6 17. Bb3 c5 18. f4 Ng4 19. Bxc5 Bb5 20. Bd4 Rxe4 21. Bxg7 Rxe2 22. Qd4 Ne3 23. Bf6 Nf5 24. Qd5 Qe8 25. g4 Bc6 26. Qd3 Qe3+ 27. Qxe3 Nxe3 28. Rhe1 Rxe1 29. Rxe1 Nxg4 30. Re7 Nxf6 31. Rxf7 Nd5 32. Rc7 Kh8 33. Rxc6 Nxf4 34. Rc4 Rf8 35. Rxb4 Nh3 36. Rb6 Rf1+ 37. Kd2 Rf2+ 38. Ke3 Rxh2 39. Rxa6 Ng1 40. Rxd6 g5 41. Ke4 g4 42. Rd8+ Kg7 43. Rg8+ Kf6 44. Rxg4 Nh3 45. Rg8 Ng5+ 46. Kf4 Rh4+ 47. Kg3 Rh3+ 48. Kg2 Re3 49. Bc4 h5 50. Rh8 Re4 51. Bd3 Rg4+ 52. Kf2 h4 53. b3 h3 54. a4 Rg2+ 55. Kf1 Rd2 56. a5 h2 57. a6 Rd1+ 58. Kg2 Rd2+ 59. Kh1 Rd1+ 60. Kxh2 Ra1 61. b4 Ke5 62. b5 Kf4 63. Rf8+ Ke3 64. b6 Nf3+ 65. Rxf3+ Kxf3 66. b7 Rb1 67. a7 1-0